000 00271nam a22001217a 4500
008 170622b xxu||||| |||| 00| 0 eng d
041 _aeng
080 _a32
100 _a32
101 _aSHP
245 _aMASTERS OF POLITICAL THOUGH
_cMACHIAVELLI.B
942 _2udc
_cBK
999 _c18832
_d18832